000 00823nab a2200241 u 4500
001 13206
003 HDC
007 cr bn ---aaaaa
008 210212c my dr|nes 0 |0eng
040 _aHDC
245 0 _aPicture and caption posted by controversial blogger insult Ramadan and Islam, court told
260 _a[no place] :
_b[publisher not identified],
_c[no year]
336 _atext
_2rdacontent
337 _acomputer
_2rdamedia
338 _aonline resource
_2rdacarrier
650 _aBlogger
_913965
650 _aSocial media
_91577
710 _aBorneo Post Online
856 _zRequest full-text at [email protected]
942 _2lcc
942 _cNEWS
942 _kNWSO 002860
999 _c10522
_d10522